000
00295nam a22001457a 4500
020
_a
81-713-0305-6
082
_a
894.812.3
_b
BAS/S
100
_a
BASHEER
245
_a
SHINKIDIMUNKAN
260
_a
KOTTAYAM
_b
DC BOOKS
_c
2015
300
_a
140
520
_a
NOVEL
650
_a
NOVEL
942
_c
BK
999
_c
4720
_d
4720